Paesi nelle Ande - Statistics

Statistiche generali
  • Questo quiz è stato fatto 1.895 volte
  • Il punteggio medio è 7 su 7
Statistiche sulle risposte
Paese % Corretto
Argentina
98%
Cile
98%
Peru
97%
Colombia
95%
Bolivia
94%
Ecuador
93%
Venezuela
91%
Nessun quiz corrispondente trovato
Distribuzione punteggi
Percentuale di utenti per punteggio
Percentile per numero di risposta
I tuoi punteggi nel tempo
Non hai fatto questo quiz